00706nam a2200241 a 4500001001300000003000900013005001700022008004100039020001000080082002000090100002600110245003300136260003500169300000800204500003500212505001000247650002600257700002600283902000800309942000700317952012300324999001700447nice12345678IN_TiNIC20260116015239.0050524s1994 dela grp 000 0 eng  ac10000a305.480201bMAG aMaggay, Melba Padilla aWomen Culture and Revelation aDelhibRegnum-Asia Booksc1994 a68p aincludes index and biblioraphy2 aIndex aWomen in Christianity1 aMaggay, Melba Padilla bSRS cBK 001040708StackRoom-aHMIbHMId2007-03-26g100.00l0o305.480201 MAGp11000244r2017-10-27v100.00w2005-05-24yBK c18908d18908